| 000 | 00521nam a22001697a 4500 | ||
|---|---|---|---|
| 008 | 160526b xxu||||| |||| 00| 0 eng d | ||
| 020 | _a0-205-41849-X | ||
| 082 |
_22005 _aDC 659.2 _bW63p |
||
| 100 |
_99152 _aWilcox, Dennis L. |
||
| 245 |
_aPublic relations: _bwriting and media techniques/ _cDennis L. Wilcox. |
||
| 250 | _aFifth edition. | ||
| 260 |
_aBoston: _bPearson, _cc2005. |
||
| 300 |
_axiv, 578 pages; _c23 cm. |
||
| 500 | _aIncludes index. | ||
| 650 | 0 |
_99154 _aPublic relations _zUnited States. |
|
| 942 |
_2ddc _cDC |
||
| 999 |
_c2764 _d2764 |
||